| Поле | Название | Значение |
| |
Тип записи |
a |
| |
Библиографический уровень |
m |
| 001 |
Контрольный номер |
dee9d7a223db4c1bb1f8c220d1653d6a |
| 005 |
Дата корректировки |
20140617091946.8 |
| 010 |
Индекс ISBN |
__ |
| a |
ISBN |
5-94798-689-2 |
| 101 |
Язык документа |
0_ |
| a |
Язык текста |
rus |
| 102 |
Страна публикации |
__ |
| a |
Страна публикации |
RU |
| 200 |
Заглавие и сведения об ответственности |
1_ |
| a |
Заглавие |
Экономика и управление в сфере коммуникаций. Зарубежный опыт |
| f |
Первые сведения об ответственности |
Г. А. Папирян |
| 210 |
Выходные данные |
1_ |
| c |
Издательство |
Дашков и К |
| a |
Место издания |
М. |
| d |
Дата издания |
2005 |
| 215 |
Физическое описание |
__ |
| a |
Объем |
131, [1] с. |
| 610 |
Ключевые слова |
0_ |
| a |
Ключевые слова |
коммуникации |
| 610 |
Ключевые слова |
0_ |
| a |
Ключевые слова |
медиа- индустрия |
| 610 |
Ключевые слова |
0_ |
| a |
Ключевые слова |
телевидение |
| 610 |
Ключевые слова |
0_ |
| a |
Ключевые слова |
радио |
| 610 |
Ключевые слова |
0_ |
| a |
Ключевые слова |
издательское дело |
| 610 |
Ключевые слова |
0_ |
| a |
Ключевые слова |
реклама |
| 610 |
Ключевые слова |
0_ |
| a |
Ключевые слова |
спорт |
| 610 |
Ключевые слова |
0_ |
| a |
Ключевые слова |
кино |
| 610 |
Ключевые слова |
0_ |
| a |
Ключевые слова |
музыка |
| 610 |
Ключевые слова |
0_ |
| a |
Ключевые слова |
интернет |
| 686 |
Индексы других классификаций |
__ |
| a |
Классификационный индекс |
65.050.8 |
| 2 |
Код системы |
rubbk |
| 686 |
Индексы других классификаций |
__ |
| a |
Классификационный индекс |
76.0 |
| 2 |
Код системы |
rubbk |
| 700 |
Автор |
_1 |
| a |
Фамилия |
Папирян |
| b |
Имя |
Г. А. |
| g |
Полное личное имя |
Геворк Аветисович |
| 801 |
Источник записи |
_0 |
| a |
Страна |
RU |
| b |
Организация |
РУК |
| c |
Дата составления |
20061118 |
| g |
Правила каталогизации |
PSBO |
| 801 |
Источник записи |
_1 |
| a |
Страна |
RU |
| b |
Организация |
РУК |
| c |
Дата составления |
20061118 |
| g |
Правила каталогизации |
PSBO |
| 852 |
Данные о местонахождении |
__ |
| i |
Авторский знак |
П 17 |
| j |
Шифр хранения |
ББК 65.050 |
| 901 |
Тип документа |
__ |
| t |
Тип документа |
m |
| 938 |
Служебная информация |
__ |
| a |
Название организации |
Головной вуз |
| b |
Имя БД |
BOOK |
| c |
Название АИБС |
АИБС ИРБИС |